[Event "Catalunya-chT Gp1 Relegation 2"]
[Site "Barcelona"]
[Date "2025.03.08"]
[Round "3.8"]
[White "Chalmeta Ugas, Jordi Ramon"]
[Black "Martinez Lopez, Carlos"]
[Result "1-0"]
[WhiteElo "2142"]
[BlackElo "2059"]
[PlyCount "133"]
[EventDate "2025.02.22"]
[EventType "team-k.o."]
[EventRounds "4"]
[EventCountry "ESP"]
[SourceTitle "CB14_2025"]
[SourceDate "2024.11.01"]
[SourceVersion "1"]
[SourceVersionDate "2024.11.01"]
[SourceQuality "1"]
[WhiteTeam "Foment Martinenc"]
[BlackTeam "Vila Olimpica"]
[WhiteTeamCountry "ESP"]
[BlackTeamCountry "ESP"]

1. d4 Nf6 2. c4 e6 3. Nf3 Bb4+ 4. Nbd2 d5 5. Qa4+ Nc6 6. a3 Be7 7. e3 0-0 8. Bd3 a6 9. Qc2 h6 10. 0-0 dxc4 11. Nxc4 b5 12. Nce5 Nxe5 13. Nxe5 Bb7 14. Nc6 Bxc6 15. Qxc6 Qd6 16. Qxd6 cxd6 17. Bd2 d5 18. Rfc1 Rfc8 19. f3 Ne8 20. Kf2 Nd6 21. Bb4 Kf8 22. b3 Rxc1 23. Rxc1 Rc8 24. Bc5 Ke8 25. a4 Nb7 26. axb5 Nxc5 27. dxc5 Rxc5 28. Rxc5 Bxc5 29. bxa6 Ke7 30. Ke2 Kd6 31. Bb5 e5 32. Kd3 Ba7 33. e4 d4 34. Kc4 f6 35. Ba4 g5 36. b4 Bb6 37. Bc2 Kc6 38. Bd3 Ba7 39. Kb3 Kd6 40. Kc2 Kc6 41. Kd2 Kd6 42. Ke2 Ke7 43. Kf2 Kf7 44. Kg3 h5 45. h4 Kg6 46. Kh3 Bb6 47. g3 Ba7 48. f4 exf4 49. gxf4 g4+ 50. Kg3 Kf7 51. Bc4+ Ke7 52. Bd3 Bb6 53. Kg2 Ba7 54. e5 fxe5 55. fxe5 Ke6 56. Bg6 Kxe5 57. Kg3 Bb8 58. Bxh5 Kf5+ 59. Kg2 Kf4 60. Bg6 Ba7 61. Bd3 Bb8 62. Be2 Ba7 63. h5 Kg5 64. Bxg4 Kxg4 65. h6 d3 66. Kf1 Kf3 67. Ke1 1-0

[Event "Catalunya-chT Gp1 Relegation 2"]
[Site "Barcelona"]
[Date "2025.03.01"]
[Round "2.7"]
[White "Chalmeta Ugas, Jordi Ramon"]
[Black "Escandell, Juan C"]
[Result "1/2-1/2"]
[WhiteElo "2142"]
[BlackElo "2171"]
[PlyCount "83"]
[EventDate "2025.02.22"]
[EventType "team-k.o."]
[EventRounds "4"]
[EventCountry "ESP"]
[SourceTitle "CB14_2025"]
[SourceDate "2024.11.01"]
[SourceVersion "1"]
[SourceVersionDate "2024.11.01"]
[SourceQuality "1"]
[WhiteTeam "Foment Martinenc"]
[BlackTeam "Cerdanyola Valles"]
[WhiteTeamCountry "ESP"]
[BlackTeamCountry "ESP"]

1. d4 Nf6 2. c4 e6 3. Nf3 b6 4. g3 Bb7 5. Bg2 c5 6. d5 exd5 7. cxd5 Bxd5 8. Nc3 Bc6 9. e4 d6 10. 0-0 Be7 11. Nh4 0-0 12. Nf5 Re8 13. Bf4 Bf8 14. Bxd6 Bxd6 15. Qxd6 Qxd6 16. Nxd6 Re6 17. Rad1 Na6 18. Rd2 Nc7 19. Rfd1 g6 20. Bh3 Re7 21. Nc8 Re8 22. Rd6 Bd7 23. Bxd7 Nxd7 24. Nxa7 Ne5 25. Nc6 Nc4 26. Rd7 Ne6 27. b3 Na5 28. Nxa5 Rxa5 29. Rb7 Ng5 30. Rxb6 Nxe4 31. Nxe4 Rxe4 32. Rd7 c4 33. bxc4 Rxc4 34. Rf6 Rf5 35. Rxf5 gxf5 36. Rd1 f4 37. g4 Ra4 38. Ra1 Ra3 39. Kg2 Kg7 40. h4 h5 41. g5 f6 42. gxf6+ 1/2-1/2

[Event "Catalunya-chT Gp1 Relegation 2"]
[Site "Barcelona"]
[Date "2025.02.22"]
[Round "1.5"]
[White "Serra Pages, Jordi"]
[Black "Chalmeta Ugas, Jordi Ramon"]
[Result "1-0"]
[WhiteElo "2174"]
[BlackElo "2139"]
[PlyCount "75"]
[EventDate "2025.02.22"]
[EventType "team-k.o."]
[EventRounds "4"]
[EventCountry "ESP"]
[SourceTitle "CB11_2025"]
[SourceDate "2025.03.12"]
[SourceVersion "1"]
[SourceVersionDate "2025.03.12"]
[SourceQuality "1"]
[WhiteTeam "Figueres"]
[BlackTeam "Foment Martinenc"]
[WhiteTeamCountry "ESP"]
[BlackTeamCountry "ESP"]

1. d4 Nf6 2. c4 g6 3. Nc3 d5 4. cxd5 Nxd5 5. e4 Nxc3 6. bxc3 Bg7 7. Bc4 c5 8. Ne2 Nc6 9. Be3 0-0 10. 0-0 Bg4 11. f3 Na5 12. Bd3 cxd4 13. cxd4 Be6 14. d5 Bxa1 15. Qxa1 f6 16. Bh6 Re8 17. Qd4 Bf7 18. Bb5 Rf8 19. Bxf8 Kxf8 20. Rc1 a6 21. Bd3 Rc8 22. Rxc8 Qxc8 23. Qb4 Qc7 24. a4 Be8 25. Kf1 b5 26. axb5 axb5 27. Bxb5 Bxb5 28. Qxb5 Nc4 29. Nd4 Kf7 30. Qc6 Nd2+ 31. Ke2 Qa7 32. Qe6+ Kg7 33. Nc6 Qa2 34. Qxe7+ Kg8 35. Qd8+ Kg7 36. Qc7+ Kf8 37. Qb8+ Kg7 38. Qa7+ 1-0

[Event "Catalunya-chT Gp3"]
[Site "Barcelona"]
[Date "2025.02.15"]
[Round "5.7"]
[White "Chalmeta Ugas, Jordi Ramon"]
[Black "Ocampo Betancur, Cristina Angela"]
[Result "1-0"]
[WhiteElo "2145"]
[BlackElo "2018"]
[PlyCount "67"]
[EventDate "2025.01.18"]
[EventType "team-tourn"]
[EventRounds "5"]
[EventCountry "ESP"]
[SourceTitle "CB10_2025"]
[SourceDate "2025.03.05"]
[SourceVersion "1"]
[SourceVersionDate "2025.03.05"]
[SourceQuality "1"]
[WhiteTeam "Foment Martinenc"]
[BlackTeam "Catalonia Escas"]
[WhiteTeamCountry "ESP"]
[BlackTeamCountry "ESP"]

1. d4 d5 2. c4 dxc4 3. Nf3 Nf6 4. e3 e6 5. Bxc4 a6 6. 0-0 c5 7. dxc5 Bxc5 8. Qxd8+ Kxd8 9. Nc3 b5 10. Be2 Bb7 11. Nd2 Ke7 12. Nb3 Bb6 13. a4 b4 14. a5 Ba7 15. Na4 Bd5 16. Nbc5 Nfd7 17. Nd3 Nc6 18. Bd2 Rhb8 19. Rfc1 Rb5 20. Rxc6 Bxc6 21. Nxb4 Rb7 22. Nxc6+ Kd6 23. Nxa7 Raxa7 24. Bc3 e5 25. Rd1+ Ke7 26. Bf3 Rc7 27. Nb6 Ke6 28. Bd5+ Ke7 29. Nxd7 Rxd7 30. Bxe5 f6 31. Bc3 Rac7 32. Rd4 Kd8 33. Kf1 Rc5 34. Bb7 1-0

[Event "Catalunya-chT Gp3"]
[Site "Barcelona"]
[Date "2025.02.01"]
[Round "3.7"]
[White "Chalmeta Ugas, Jordi Ramon"]
[Black "Delisau Gil, Oriol"]
[Result "1/2-1/2"]
[WhiteElo "2145"]
[BlackElo "2207"]
[PlyCount "136"]
[EventDate "2025.01.18"]
[EventType "team-tourn"]
[EventRounds "5"]
[EventCountry "ESP"]
[SourceTitle "CB07_2025"]
[SourceDate "2025.02.12"]
[SourceVersion "1"]
[SourceVersionDate "2025.02.12"]
[SourceQuality "1"]
[WhiteTeam "Foment Martinenc"]
[BlackTeam "Sant Andreu"]
[WhiteTeamCountry "ESP"]
[BlackTeamCountry "ESP"]

1. d4 d5 2. c4 c6 3. Nf3 Nf6 4. cxd5 cxd5 5. Nc3 Nc6 6. Bf4 a6 7. Rc1 Bf5 8. e3 Rc8 9. Be2 e6 10. 0-0 Bd6 11. Bxd6 Qxd6 12. Na4 0-0 13. Nc5 Rc7 14. Qb3 Qe7 15. Qb6 Rfc8 16. Rc3 Nd8 17. Rfc1 Rc6 18. Qb3 Ne4 19. Nxe4 Bxe4 20. Ne5 Rxc3 21. Rxc3 Rxc3 22. Qxc3 f6 23. Nd3 Bxd3 24. Bxd3 Qd7 25. Qc2 g6 26. h4 Kg7 27. a3 Qc6 28. Kf1 Qxc2 29. Bxc2 Nf7 30. Ke1 Nd6 31. Kd2 f5 32. Kc3 Kf6 33. Kb4 b6 34. Bd3 a5+ 35. Kc3 h6 36. b4 axb4+ 37. Kxb4 g5 38. hxg5+ Kxg5 39. Bb5 f4 40. Bd7 fxe3 41. fxe3 Kf6 42. a4 Ke7 43. Bc6 h5 44. Kc3 Kf6 45. Kd3 Kf5 46. Bd7 Ne4 47. Ke2 Ng5 48. Kf2 h4 49. Ke2 Kg4 50. Kf2 Ne4+ 51. Kf1 Kf5 52. Ke2 Nd6 53. Kf3 Nc4 54. Bc8 Nb2 55. Bd7 Nd3 56. Bc8 Ne1+ 57. Kf2 Nc2 58. Kf3 Ne1+ 59. Kf2 Nd3+ 60. Kf3 Nb2 61. Bd7 Nc4 62. Bc8 Kf6 63. Kf4 Ke7 64. Ba6 Nb2 65. Bb5 Nd1 66. Be2 Nc3 67. Bb5 Nd1 68. Be2 Nc3 1/2-1/2

[Event "Catalunya-chT Gp2"]
[Site "Barcelona"]
[Date "2024.02.24"]
[Round "6.8"]
[White "Bosque Ortega, Xavier"]
[Black "Chalmeta Ugas, Jordi Ramon"]
[Result "1/2-1/2"]
[WhiteElo "2187"]
[BlackElo "2168"]
[PlyCount "134"]
[EventDate "2024.01.20"]
[EventType "team-tourn"]
[EventRounds "7"]
[EventCountry "ESP"]
[SourceTitle "CBM 219 Extra"]
[Source "ChessBase"]
[SourceDate "2024.05.31"]
[SourceVersion "1"]
[SourceVersionDate "2024.05.31"]
[SourceQuality "1"]
[WhiteTeam "Barbera"]
[BlackTeam "Foment Martinenc"]
[WhiteTeamCountry "ESP"]
[BlackTeamCountry "ESP"]

1. d4 Nf6 2. Nf3 g6 3. Bf4 Bg7 4. h3 0-0 5. e3 d6 6. Be2 c5 7. c3 cxd4 8. exd4 Qb6 9. Qb3 Be6 10. Qxb6 axb6 11. a3 Nd5 12. Bh2 Bd7 13. Bc4 Bc6 14. 0-0 b5 15. Ba2 Nd7 16. Re1 Rfe8 17. Nbd2 N7b6 18. Re2 Na4 19. Ne4 h6 20. Rae1 Nab6 21. Nfd2 Rec8 22. f4 b4 23. Bxd5 Bxd5 24. axb4 Ra2 25. Nf3 Na4 26. b3 Rxe2 27. Rxe2 Nxc3 28. Nxc3 Bxf3 29. gxf3 Bxd4+ 30. Kg2 Rxc3 31. Rxe7 b6 32. f5 gxf5 33. Bxd6 Rxb3 34. Kg3 Kg7 35. Rd7 Bc3 36. Kf4 Kg6 37. Rb7 Bxb4 38. Bxb4 Rxb4+ 39. Kg3 h5 40. f4 Rb3+ 41. Kh4 Rb1 42. Rb8 Rb4 43. Kg3 h4+ 44. Kxh4 Rxf4+ 45. Kg3 Rb4 46. Rg8+ Kf6 47. Rc8 Rb3+ 48. Kf4 Rb4+ 49. Kg3 b5 50. Rb8 Ke5 51. Re8+ Kd6 52. h4 Rg4+ 53. Kh3 Rg7 54. h5 f4 55. Re4 f5 56. Rxf4 Ke5 57. Rb4 Rb7 58. Kg3 Kd5 59. Kf4 Kc5 60. Rb1 Rf7 61. h6 b4 62. Rh1 Rf8 63. h7 Rh8 64. Kxf5 b3 65. Kg6 Kc4 66. Kg7 Rxh7+ 67. Kxh7 b2 1/2-1/2

[Event "Catalunya-chT Gp1"]
[Site "Barcelona"]
[Date "2023.02.04"]
[Round "3.10"]
[White "Chalmeta Ugas, Jordi Ramon"]
[Black "Barcelo Tizon, Cristian"]
[Result "1-0"]
[WhiteElo "2158"]
[BlackElo "2050"]
[PlyCount "95"]
[EventDate "2023.01.21"]
[EventType "team-tourn"]
[EventRounds "7"]
[EventCountry "ESP"]
[SourceTitle "CBM 213 Extra"]
[Source "ChessBase"]
[SourceDate "2023.05.31"]
[SourceVersion "1"]
[SourceVersionDate "2023.05.31"]
[SourceQuality "1"]
[WhiteTeam "Foment Martinenc"]
[BlackTeam "Sant Cugat"]
[WhiteTeamCountry "ESP"]
[BlackTeamCountry "ESP"]

1. d4 Nf6 2. c4 g6 3. Nc3 Bg7 4. e4 d6 5. Be2 0-0 6. Nf3 e5 7. d5 a5 8. Bg5 Na6 9. 0-0 h6 10. Bh4 g5 11. Bg3 Nh5 12. Nd2 Nf4 13. a3 Bd7 14. b3 f5 15. Rb1 Nxe2+ 16. Qxe2 f4 17. f3 fxg3 18. hxg3 g4 19. Kf2 Qg5 20. Rh1 Nc5 21. b4 axb4 22. axb4 Na4 23. Nd1 b5 24. Nf1 Rf6 25. Ra1 Raf8 26. Nh2 bxc4 27. Ne3 gxf3 28. gxf3 Nb6 29. Ra7 Rg6 30. Rg1 Qh5 31. Nef1 Rc8 32. Qe3 Kh7 33. Qc3 Qg5 34. Ne3 h5 35. Nhf1 h4 36. Rh1 Rh6 37. g4 Bb5 38. Nf5 Kg6 39. N1e3 Rhh8 40. Rh3 Qd8 41. Ng2 Bf6 42. f4 Na4 43. Qe3 c6 44. g5 Qb6 45. Ngxh4+ Kh5 46. Qxb6 Nxb6 47. gxf6 exf4 48. Rg7 1-0

[Event "Catalunya-chT Gp1"]
[Site "Barcelona"]
[Date "2023.01.21"]
[Round "?"]
[White "Chalmeta Ugas, Jordi Ramon"]
[Black "Ano Pla, Gerard"]
[Result "0-1"]
[WhiteElo "2158"]
[BlackElo "2143"]
[PlyCount "82"]
[EventDate "2023.01.21"]
[EventType "team-tourn"]
[EventRounds "7"]
[EventCountry "ESP"]
[SourceTitle "CBM 212 Extra"]
[Source "ChessBase"]
[SourceDate "2023.03.31"]
[SourceVersion "1"]
[SourceVersionDate "2023.03.31"]
[SourceQuality "1"]
[WhiteTeam "Foment Martinenc"]
[BlackTeam "Valls"]
[WhiteTeamCountry "ESP"]
[BlackTeamCountry "ESP"]

1. d4 d6 2. c4 e5 3. Nc3 exd4 4. Qxd4 Nc6 5. Qd2 Nf6 6. b3 a5 7. Bb2 a4 8. Nd5 Be7 9. f3 0-0 10. e4 Ne5 11. Rd1 axb3 12. axb3 Nxd5 13. cxd5 f5 14. Bxe5 dxe5 15. Bd3 f4 16. Ne2 Bc5 17. h4 Qd6 18. Kf1 b6 19. Rb1 Bd7 20. b4 Be3 21. Qc3 Ra7 22. Bc4 Rfa8 23. g4 Ra3 24. Qc2 Kh8 25. Nc3 Bd4 26. Rb3 Ra1+ 27. Kg2 Rxh1 28. Kxh1 Ra1+ 29. Rb1 Rxb1+ 30. Nxb1 h5 31. g5 Qxb4 32. Nd2 Be3 33. Nf1 Qe1 34. Qh2 b5 35. Bd3 b4 36. g6 b3 37. Bc4 Qc1 38. d6 Qxc4 39. Nxe3 Qc1+ 40. Qg1 Qxg1+ 41. Kxg1 fxe3 0-1

[Event "Catalunya-chT Gp1"]
[Site "Barcelona"]
[Date "2022.02.19"]
[Round "5.8"]
[White "Chalmeta Ugas, Jordi Ramon"]
[Black "Jimenez Ruano, Adrian"]
[Result "0-1"]
[WhiteElo "2185"]
[BlackElo "2218"]
[PlyCount "114"]
[EventDate "2022.01.22"]
[EventType "team-tourn"]
[EventRounds "9"]
[EventCountry "ESP"]
[SourceTitle "CBM 208 Extra"]
[Source "ChessBase"]
[SourceDate "2022.07.31"]
[SourceVersion "1"]
[SourceVersionDate "2022.07.31"]
[SourceQuality "1"]
[WhiteTeam "Foment Martinenc"]
[BlackTeam "Barcelona Escacs CC"]
[WhiteTeamCountry "ESP"]
[BlackTeamCountry "ESP"]

1. d4 d5 2. c4 e6 3. Nc3 c6 4. Nf3 Nf6 5. Bg5 h6 6. Bxf6 Qxf6 7. e3 g6 8. Bd3 Bg7 9. 0-0 0-0 10. Re1 dxc4 11. Bxc4 Nd7 12. e4 e5 13. d5 Nb6 14. Bb3 Rd8 15. Re3 Qe7 16. Qe2 Bd7 17. Rd1 Be8 18. Nd2 Bf8 19. Nc4 Nxc4 20. Bxc4 Kg7 21. Bb3 Qc7 22. dxc6 bxc6 23. Red3 Bc5 24. Rf3 Rxd1+ 25. Nxd1 Rd8 26. Qc4 Bb6 27. Ne3 Qe7 28. Ng4 Rd4 29. Qc1 Qg5 30. Qxg5 hxg5 31. Nf6 Bd7 32. Nxd7 Rxd7 33. Kf1 g4 34. Rc3 Rd6 35. Ke2 Bd4 36. Rc2 f5 37. exf5 gxf5 38. f3 gxf3+ 39. Kxf3 Kf6 40. g4 e4+ 41. Kf4 Be5+ 42. Ke3 Rd3+ 43. Ke2 f4 44. Rxc6+ Kg5 45. Bc2 Re3+ 46. Kd2 Kxg4 47. Rc4 Kf3 48. Bd1+ Kf2 49. h4 f3 50. h5 Rd3+ 51. Kc2 Rxd1 52. Kxd1 e3 53. Re4 e2+ 54. Kd2 Bf4+ 55. Kd3 e1Q 56. Rxe1 Kxe1 57. Ke4 f2 0-1

[Event "Catalunya-chT Gp1"]
[Site "Barcelona"]
[Date "2019.02.16"]
[Round "5.8"]
[White "Chalmeta Ugas, Jordi Ramon"]
[Black "Varela la Madrid, Tilsia Carolin"]
[Result "1/2-1/2"]
[WhiteElo "2142"]
[BlackElo "2086"]
[PlyCount "53"]
[EventDate "2019.01.19"]
[EventType "team-tourn"]
[EventRounds "7"]
[EventCountry "ESP"]
[SourceTitle "CBM 189 Extra"]
[Source "ChessBase"]
[SourceDate "2019.05.31"]
[SourceVersion "1"]
[SourceVersionDate "2019.05.31"]
[SourceQuality "1"]
[WhiteTeam "Foment Martinenc"]
[BlackTeam "Mollet"]
[WhiteTeamCountry "ESP"]
[BlackTeamCountry "ESP"]

1. d4 d5 2. c4 e6 3. Nc3 Nf6 4. Bg5 Be7 5. e3 Nbd7 6. Nf3 c6 7. Qc2 0-0 8. a3 b6 9. cxd5 cxd5 10. Bd3 Bb7 11. 0-0 Rc8 12. Rfc1 Ne4 13. Bf4 f5 14. Qe2 g5 15. Be5 g4 16. Nd2 Nxc3 17. bxc3 Nxe5 18. dxe5 Rf7 19. f4 Bf8 20. Nb3 Bc5 21. Nd4 Bxd4 22. exd4 Rfc7 23. Qb2 Kh8 24. a4 g3 25. h3 Qh4 26. Qd2 Bc6 27. Ba6 1/2-1/2

[Event "Catalunya-chT Gp1"]
[Site "Barcelona"]
[Date "2019.01.19"]
[Round "1.9"]
[White "Chalmeta Ugas, Jordi Ramon"]
[Black "Sole Gonzalez, Edgar"]
[Result "1/2-1/2"]
[WhiteElo "2142"]
[BlackElo "1971"]
[PlyCount "133"]
[EventDate "2019.01.19"]
[EventType "team-tourn"]
[EventRounds "7"]
[EventCountry "ESP"]
[SourceTitle "CBM 188 Extra"]
[Source "ChessBase"]
[SourceDate "2019.02.28"]
[SourceVersion "1"]
[SourceVersionDate "2019.02.28"]
[SourceQuality "1"]
[WhiteTeam "Foment Martinenc"]
[BlackTeam "Lleida"]
[WhiteTeamCountry "ESP"]
[BlackTeamCountry "ESP"]

1. d4 d5 2. c4 e6 3. Nc3 Nf6 4. Bg5 Nbd7 5. e3 c6 6. a3 Be7 7. Nf3 0-0 8. Qc2 Re8 9. Rd1 h6 10. Bh4 b6 11. cxd5 exd5 12. Bd3 Bb7 13. 0-0 Ne4 14. Bg3 Nxg3 15. hxg3 Bd6 16. b4 Nf6 17. Qb3 Qe7 18. Rfe1 Ne4 19. Nd2 Nxc3 20. Qxc3 a5 21. Rb1 axb4 22. axb4 Ra4 23. b5 c5 24. dxc5 Bxc5 25. Bc2 Ra3 26. Rb3 d4 27. Qd3 g6 28. Rxa3 Bxa3 29. Nb3 Qb4 30. Re2 Be4 31. Qxd4 Qxb5 32. Qd1 Bxc2 33. Qxc2 Rd8 34. Nd4 Qc5 35. Qb3 Qc1+ 36. Kh2 Bc5 37. Rb2 Bxd4 38. exd4 Rxd4 39. Rb1 Qd2 40. Qxb6 Qxf2 41. Qb8+ Kg7 42. Qe5+ Qf6 43. Qxf6+ Kxf6 44. Rf1+ Kg7 45. Ra1 f5 46. Ra6 h5 47. Kg1 Kh6 48. Kf2 Kg5 49. Kf3 h4 50. gxh4+ Rxh4 51. Rb6 Rf4+ 52. Kg3 Ra4 53. Kf3 Ra3+ 54. Kf2 Kh5 55. Rf6 Ra5 56. Kf3 g5 57. Rf8 Ra3+ 58. Kf2 f4 59. Rb8 Kg4 60. Rb2 Kh4 61. Rc2 g4 62. Rb2 f3 63. gxf3 Rxf3+ 64. Kg2 Rg3+ 65. Kh2 Re3 66. Kg2 Ra3 67. Rc2 1/2-1/2

[Event "Catalunya-chT GpB final"]
[Site "Barcelona"]
[Date "2018.03.10"]
[Round "1.8"]
[White "Oliva Valero, Oscar"]
[Black "Chalmeta Ugas, Jordi Ramon"]
[Result "1/2-1/2"]
[WhiteElo "2197"]
[BlackElo "2164"]
[PlyCount "164"]
[EventDate "2018.03.10"]
[EventType "team-tourn"]
[EventRounds "4"]
[EventCountry "ESP"]
[SourceTitle "CBM 183 Extra"]
[Source "ChessBase"]
[SourceDate "2018.04.19"]
[SourceVersion "1"]
[SourceVersionDate "2018.04.19"]
[SourceQuality "1"]
[WhiteTeam "Cerdanyola Valles"]
[BlackTeam "Foment Martinenc"]
[WhiteTeamCountry "ESP"]
[BlackTeamCountry "ESP"]

1. e4 e6 2. d4 d5 3. Nc3 Nf6 4. Bg5 Bb4 5. e5 h6 6. Bd2 Bxc3 7. bxc3 Ne4 8. Qg4 g6 9. h4 c5 10. Bd3 Nxd2 11. Kxd2 Nc6 12. Nf3 c4 13. Be2 Bd7 14. Rhb1 b6 15. Qf4 Qe7 16. a4 0-0-0 17. g3 Rdg8 18. Rh1 Kb7 19. Qe3 Rf8 20. Nh2 h5 21. f4 Na5 22. Rhb1 Kc7 23. Nf3 Qe8 24. Rb4 Nc6 25. Rb2 Na5 26. Rba2 Qe7 27. Ng5 Rb8 28. Qf2 Nc6 29. g4 hxg4 30. Bxg4 b5 31. axb5 Rxb5 32. Rh1 Rhb8 33. h5 gxh5 34. Rxh5 R8b7 35. Rh7 Nd8 36. Bh5 Be8 37. Qg3 Kb6 38. f5 exf5 39. Qf4 Rb1 40. Qxf5 Bd7 41. e6 Bxe6 42. Qf4 Bg4 43. Rh6+ Kb5 44. Qe5 Qxe5 45. dxe5 Bxh5 46. Rxh5 Nc6 47. Nf3 Kc5 48. Ra6 R7b6 49. Ra4 a5 50. Rf5 Rb7 51. Rf6 Re7 52. Rf5 Rb8 53. Ke3 Rbe8 54. Kf4 Ra8 55. Rf6 Rb7 56. Ng5 Nd8 57. Ke3 Raa7 58. Nf3 Rb6 59. Rf5 Nc6 60. Rh5 Rb2 61. Kd2 Re7 62. Ra1 Rb8 63. Rh6 Ra8 64. Rh5 a4 65. Ra3 Kb5 66. Rf5 Rae8 67. Ra1 Nxe5 68. Nxe5 Rxe5 69. Rxf7 Re2+ 70. Kc1 Re1+ 71. Kb2 Rxa1 72. Kxa1 Ra8 73. Ka2 Kc5 74. Ka3 Kd6 75. Rf4 Ke5 76. Rf2 Ke4 77. Re2+ Kf4 78. Re7 Ra6 79. Re8 Ra7 80. Re6 Kf5 81. Re8 Ra6 82. Re1 Ra7 1/2-1/2

[Event "Barcelona Paredes Memorial 19th"]
[Site "Barcelona"]
[Date "2017.06.10"]
[Round "8"]
[White "Chalmeta Ugas, Jordi Ramon"]
[Black "Jimenez Ruano, Adrian"]
[Result "1-0"]
[WhiteElo "2136"]
[BlackElo "2042"]
[PlyCount "87"]
[EventDate "2017.04.22"]
[EventType "swiss"]
[EventRounds "9"]
[EventCountry "ESP"]
[SourceTitle "EXT 2018"]
[Source "ChessBase"]
[SourceDate "2017.10.13"]
[SourceVersion "1"]
[SourceVersionDate "2017.10.13"]
[SourceQuality "1"]

1. d4 Nf6 2. c4 b6 3. Nc3 Bb7 4. Nf3 e6 5. Qc2 Bb4 6. Bg5 h6 7. Bh4 g5 8. Bg3 Ne4 9. e3 Bxc3+ 10. bxc3 d6 11. Bd3 f5 12. a4 a5 13. Rb1 Nd7 14. 0-0 h5 15. h4 Rg8 16. Rb2 Nxg3 17. fxg3 Bxf3 18. Rxf3 gxh4 19. Bxf5 exf5 20. Qxf5 Nf6 21. gxh4 Rf8 22. Rbf2 Qe7 23. Qg6+ Kd7 24. Rxf6 Rxf6 25. Qxf6 Qxe3 26. Qf5+ Qe6 27. Qxh5 Qxc4 28. Qf7+ Qxf7 29. Rxf7+ Ke6 30. Rxc7 b5 31. axb5 a4 32. b6 Rb8 33. Ra7 Rxb6 34. Rxa4 Kf5 35. Ra5+ Kg4 36. Kf2 Rb3 37. g3 Rxc3 38. Rg5+ Kh3 39. h5 Rc2+ 40. Kf3 Rc3+ 41. Ke4 Ra3 42. h6 Ra8 43. h7 Rh8 44. Rg7 1-0

[Event "Barcelona Paredes Memorial 19th"]
[Site "Barcelona"]
[Date "2017.04.22"]
[Round "1"]
[White "Ros Montes, Daniel"]
[Black "Chalmeta Ugas, Jordi Ramon"]
[Result "0-1"]
[WhiteElo "1882"]
[BlackElo "2136"]
[PlyCount "80"]
[EventDate "2017.04.22"]
[EventType "swiss"]
[EventRounds "9"]
[EventCountry "ESP"]
[SourceTitle "EXT 2018"]
[Source "ChessBase"]
[SourceDate "2017.10.13"]
[SourceVersion "1"]
[SourceVersionDate "2017.10.13"]
[SourceQuality "1"]

1. c4 Nf6 2. Nc3 d5 3. cxd5 Nxd5 4. g3 g6 5. Bg2 Nb6 6. Nf3 Bg7 7. 0-0 Nc6 8. d3 0-0 9. Be3 Re8 10. Qd2 e5 11. Ne4 Nd5 12. Bh6 Bh8 13. Rac1 Nd4 14. Nxd4 exd4 15. Rc5 c6 16. b4 Qe7 17. Bf4 Nc3 18. Bg5 Nxe4 19. dxe4 f6 20. Bh4 g5 21. Bxg5 fxg5 22. Rxg5+ Bg7 23. f4 Kh8 24. e5 h6 25. Rh5 Bg4 26. Rh4 Bf5 27. Rh5 Bg6 28. Rh4 Bh7 29. Qxd4 Red8 30. Qc4 Rd2 31. Kh1 Rad8 32. f5 Qxe5 33. Re4 Qf6 34. Re6 Bg8 35. Rxf6 Bxc4 36. Rg6 Bxe2 37. f6 Bf8 38. f7 Bg7 39. Re6 Bxf1 40. Re8+ Bf8 0-1

[Event "Mollet del Valles MC 4th"]
[Site "Mollet del Valles"]
[Date "2016.11.04"]
[Round "6"]
[White "Pozanco Romasanta, Marc"]
[Black "Chalmeta Ugas, Jordi Ramon"]
[Result "1/2-1/2"]
[WhiteElo "2087"]
[BlackElo "2156"]
[PlyCount "22"]
[EventDate "2016.09.30"]
[EventType "tourn"]
[EventRounds "9"]
[EventCountry "ESP"]
[SourceTitle "EXT 2018"]
[Source "ChessBase"]
[SourceDate "2017.10.13"]
[SourceVersion "1"]
[SourceVersionDate "2017.10.13"]
[SourceQuality "1"]

1. d4 Nf6 2. c4 g6 3. Nc3 d5 4. Bg5 Ne4 5. Bh4 Nxc3 6. bxc3 dxc4 7. e3 Be6 8. Qb1 Qd5 9. Nf3 Qa5 10. Qb2 Nd7 11. Nd2 Nb6 1/2-1/2